| 000 -ლიდერი |
| ფიქსირებული სიგრძის საკონტროლო ველი |
01091nam a2200241Ia 4500 |
| 001 - საკონტროლო ნომერი |
| საკონტროლო ველი |
20070 |
| 003 - საკონტროლო ნომრის იდენტიფიკატორი |
| საკონტროლო ველი |
GE_BSU |
| 005 - ბოლო ოპერაციის თარიღი და დრო |
| საკონტროლო ველი |
20250417170937.0 |
| 008 - ფიქსირებული სიგრძის მონაცემთა ელემენტები - ზოგადი ინფორმაცია |
| ფიქსირებული სიგრძის საკონტროლო ველი |
181216s||||||||xx |||||||||||||| ||und|| |
| 040 ## - კატალოგიზაციის წყარო |
| Transcribing agency |
GE_BSU |
| 041 ## - ენის კოდი |
| Language code of text/sound track or separate title |
geo |
| 080 ## - უნივერსალური ათობითი კლასიფიკაციის ინდექსი |
| Universal Decimal Classification number |
63(075.32) მ-56 |
| 100 ## - მთავარი ჩანაწერი - პიროვნების სახელი |
| Personal name |
მენაღარიშვილი, აფინოგენ |
| 9 (RLIN) |
24874 |
| 245 ## - ცნობა სათაურის შესახებ |
| Title |
აგროქიმია : |
| Remainder of title |
[სახელმძღვ. სას.-სამ. ტექნიკუმებისათვის] / |
| Statement of responsibility, etc |
აფინოგენ მენაღარიშვილი ; რედ. დ სალუქვაძე. |
| 264 ## - წარმოების, გამოცემის, დისტრიბუციის და სხვა ცნობები |
| გამოცემის, წარმოების, დისტრიბუციის... ადგილი |
თბილისი : |
| გამოცემის, წარმოების, დისტრიბუციის... სახელწოდება |
განათლება, |
| გამოცემის, წარმოების, დისტრიბუციის... თარიღი |
1966. |
| 300 ## - ფიზიკური აღწერა |
| Extent |
432 გვ. : |
| Other physical details |
ილ. ; |
| Dimensions |
22სმ. |
| 504 ## - BIBLIOGRAPHY, ETC. NOTE |
| Bibliography, etc |
ბიბლიოგრ. : გვ. 430
|
| 653 ## - INDEX TERM--UNCONTROLLED |
| Uncontrolled term |
აგროქიმია |
| 653 ## - INDEX TERM--UNCONTROLLED |
| Uncontrolled term |
სახელმძღვანელოები ტექნიკუმებისათვის |
| 700 ## - ADDED ENTRY--PERSONAL NAME |
| Personal name |
სალუქვაძე, დ. |
| Relator term |
რედაქტორი |
| 9 (RLIN) |
3427 |
| 942 ## - ADDED ENTRY ELEMENTS (KOHA) |
| Koha item type |
წიგნი |
| Source of classification or shelving scheme |
|